Library Banner

The making of religious discourse (Record no. 41945)

MARC details
000 -LEADER
fixed length control field 00515nam a2200181Ia 4500
001 - CONTROL NUMBER
control field 43945
008 - FIXED-LENGTH DATA ELEMENTS--GENERAL INFORMATION
fixed length control field 140425s9999 xx 000 0 und d
020 ## - INTERNATIONAL STANDARD BOOK NUMBER
International Standard Book Number 156540853
040 ## - CATALOGING SOURCE
Transcribing agency PK-LaUMT
082 ## - DEWEY DECIMAL CLASSIFICATION NUMBER
Classification number RHC 909.09767101
Item number QAS-M
100 ## - MAIN ENTRY--PERSONAL NAME
Personal name Qasim Zaman, Muhammad
245 #4 - TITLE STATEMENT
Title The making of religious discourse
Statement of responsibility, etc Qasim Zaman, Muhammad
260 ## - PUBLICATION, DISTRIBUTION, ETC. (IMPRINT)
Place of publication, distribution, etc Islamabad,Pakistan:
Name of publisher, distributor, etc International Institute of Islamic thought,
Date of publication, distribution, etc 1995
300 ## - PHYSICAL DESCRIPTION
Extent 102 p.
546 ## - LANGUAGE NOTE
Language note EN
650 ## - SUBJECT ADDED ENTRY--TOPICAL TERM
Topical term or geographic name as entry element Islamic empire-History
942 ## - ADDED ENTRY ELEMENTS (KOHA)
Koha item type Books
Holdings
Withdrawn status Lost status Damaged status Not for loan Home library Current library Date acquired Total Checkouts Full call number Barcode Date last seen Date checked out Price effective from Koha item type
        UMT Main Campus UMT Main Campus 2014-04-25 2 RHC 909.09767101 QAS-M 47572 2019-09-19 2019-07-17 2014-05-06 Books